| 000 | 00494nam a22001697a 4500 | ||
|---|---|---|---|
| 008 | 230420b |||||||| |||| 00| 0 eng d | ||
| 040 |
_aNational Science Library _cNational Science Library |
||
| 080 |
_a502.2 _bN2 |
||
| 100 |
_aThomson, Arthur J _96976 |
||
| 245 | _aOutline of natural history | ||
| 260 |
_aNew Delhi: _bH. K. Publishers and Distributors, _c1992 |
||
| 300 | _a386p. | ||
| 500 | _aVol. 1; 368p. Vol. 2; 387-720p. | ||
| 650 | _aUSA | ||
| 653 | _aBritish | ||
| 942 |
_2udc _cBK |
||
| 999 |
_c21478 _d21478 |
||